| 000 | 00547nam a22001697a 4500 | ||
|---|---|---|---|
| 005 | 20251108175251.0 | ||
| 008 | 250721s2013 xx 000 0 ara d | ||
| 082 | 1 | 4 | _a920.71/عزو |
| 100 | 1 | _aالعزوني، أسعد علي حسن حسين | |
| 245 | 1 | 0 | _aحياتي من قاع الفشل و محاولة الانتحار ....... الى الإستقرار / |
| 264 | 1 |
_aعمان : _bوزارة الثقافة، _c2013. |
|
| 300 | _a656ص. | ||
| 650 | 1 | 7 | _aالتراجم |
| 650 | 1 | 7 | _aالرجال |
| 942 |
_2ddc _cBK |
||
| 999 |
_c130123 _d130123 |
||